All Wizard Monkey Upgrades - Bloons TD 6 - Statistics

General Stats
  • This quiz has been taken 14 times
  • The average score is 14 of 16
Answer Stats
Upgrade % Correct
Archmage
100%
Prince of Darkness
100%
Shimmer
100%
Wall of Fire
100%
Arcane Spike
90%
Dragon's Breath
90%
Fireball
90%
Intense Magic
90%
Necromancer: Unpopped Army
90%
Summon Phoenix
90%
Wizard Lord Phoenix
90%
Arcane Blast
80%
Magus Perfectus
80%
Monkey Sense
80%
Guided Magic
70%
Arcane Mastery
60%
No matching quizzes found
Score Distribution
Percent of People with Each Score
Percentile by Number Answered
Your Score History
You have not taken this quiz